Search the Library Catalogue
| 000 -LEADER | |
|---|---|
| fixed length control field | 00740nam a2200217Ia 4500 |
| 008 - FIXED-LENGTH DATA ELEMENTS--GENERAL INFORMATION | |
| fixed length control field | 191130s2001##################000#0#eng## |
| 020 ## - INTERNATIONAL STANDARD BOOK NUMBER | |
| ISBN | 9780333604908 |
| 082 ## - DEWEY DECIMAL CLASSIFICATION NUMBER | |
| Classification number | 351.4 STE |
| 100 ## - MAIN ENTRY--AUTHOR NAME | |
| Personal name | Stevens, Anne |
| 245 ## - TITLE STATEMENT | |
| Title | Brussels bureaucrats? : the administration of the European union |
| Statement of responsibility, etc | Anne Stevens with Handley Stevens |
| 260 ## - PUBLICATION, DISTRIBUTION, ETC. (IMPRINT) | |
| Place of publication | Houndmills, Basingstoke, Hampshire ; New York |
| Name of publisher | Palgrave |
| Year of publication | 2001 |
| 300 ## - PHYSICAL DESCRIPTION | |
| Number of Pages | xxiv, 277 p. : ill. ; 23 cm |
| 500 ## - GENERAL NOTE | |
| General note | Includes bibliographical references (p. 255-264) and index |
| 650 ## - SUBJECT ADDED ENTRY--TOPICAL TERM | |
| Topical Term | European Union - Officials and employees |
| 700 ## - ADDED ENTRY--PERSONAL NAME | |
| Personal name | Stevens, Handley |
| 991 ## - | |
| -- | 47785 |
| Withdrawn status | Lost status | Damaged status | Not for loan | Home library | Current library | Shelving location | Date acquired | Full call number | Accession Number | Price effective from | Koha item type |
|---|---|---|---|---|---|---|---|---|---|---|---|
| Anna Centenary Library | Anna Centenary Library | 4TH FLOOR, A WING | 12.10.2020 | 351.4 STE | 308738 | 12.10.2020 | English Books |